O problémoch vyučovania manažmentu kvality podľa ISO 9000-II
Saved in:
| Main Author: | |
|---|---|
| Other Authors: | |
| Format: | Book Chapter |
| Language: | Slovak |
| Tags: |
No Tags, Be the first to tag this record!
|
MARC
| LEADER | 00000naa$a2200000$$$4500 | ||
|---|---|---|---|
| 001 | 0173668 | ||
| 005 | 20240502083414.6 | ||
| 041 | 0 | |a slo | |
| 044 | |a CZ | ||
| 245 | 1 | 0 | |a O problémoch vyučovania manažmentu kvality podľa ISO 9000-II |c Emil Roman, Vojtech Kollár |
| 100 | 1 | |a Roman, Emil | |
| 700 | 1 | |a Kollár, Vojtech | |